State by City - Statistics

General Stats
  • This quiz has been taken 27 times
  • The average score is 13 of 15
Answer Stats
Hint Answer % Correct
Santa Monica California
96%
Key West Florida
96%
Savannah Georgia
96%
Santa Fe New Mexico
96%
Tulsa Oklahoma
96%
Little Rock Arkansas
92%
Ann Arbor Michigan
92%
Corpus Christi Texas
92%
Bangor Maine
88%
Fargo North Dakota
88%
Green Bay Wisconsin
83%
Butte Montana
79%
Dodge City Kansas
71%
Ames Iowa
50%
Cape Girardeau Missouri
50%
No matching quizzes found
Score Distribution
Percent of People with Each Score
Percentile by Number Answered
Your Score History
You have not taken this quiz